000 00526nam a2200181Ia 4500
008 100921s9999 xx 000 0 und d
082 _b19824
_a891.463 थ 86
100 _aशिंगटे सुरेश.
245 _aपांढरी भाकरी.
260 _b---
_c1986
300 _a95
_b---
365 _b20
520 _aललित-कथा.
630 _aपांढरी भाकरी.
650 _aललित-कथा.
730 _aपांढरी भाकरी.
942 _cBOOK
999 _c768937
_d768934